header

Fear (Record no. 40067)

MARC details
000 -LEADER
fixed length control field 01579nam a2200361 a 4500
082 04 - DEWEY DECIMAL CLASSIFICATION NUMBER
Classification number 152.4/6
245 00 - TITLE STATEMENT
Title Fear
260 ## - PUBLICATION, DISTRIBUTION, ETC. (IMPRINT)
Place of publication Aldershot, Hants, England ;
-- Burlington, Vt. :
Name of publisher Ashgate,
Year of publication c2008.
300 ## - PHYSICAL DESCRIPTION
Number of Pages xii, 256 p. :
Other physical details ill.
490 1# - SERIES STATEMENT
Series statement Re-materialising cultural geography
505 0# - FORMATTED CONTENTS NOTE
Formatted contents note section 1. State fears and popular fears -- section 2. Fear of nature and the nature of fear -- section 3. Encountering fear and otherness -- section 4. Regulating fear -- section 5. Fear, resistance and hope.
650 #0 - SUBJECT ADDED ENTRY--TOPICAL TERM
Topical Term Fear.
Topical Term Social psychology.
700 1# - ADDED ENTRY--PERSONAL NAME
Personal name Pain, Rachel.
Personal name Smith, Susan,
856 40 - ELECTRONIC LOCATION AND ACCESS
Uniform Resource Identifier http://site.ebrary.com/lib/rucke/Doc?id=10224496

No items available.

© 2026 Rongo University
Contact us: librarian | system librarian | Rongo university